000 00526 a2200181 4500
003 OSt
005 20240206110246.0
008 240206b |||||||| |||| 00| 0 eng d
020 _a9789387334229
040 _cOCLC
082 _a494.8123
_bPOT/N
100 _aPothuvath, jaisankar
_910389
245 _aNaveenashylee Nigandu /
_cJaisankar Pothuvath
250 _a1st ed.
260 _aKOZHIKODE:
_bOLIVE PUBLICATION,
_c2018.
300 _a418P.
942 _2ddc
_cBK
_h494.8123
_iPOT/N
_k494.8123
_mPOT/N
999 _c44309
_d44309